000 01364nam a2200373 c 4500
999 _c51527
_d51527
001 51527
003 ES-MaCES
005 20200902132703.0
007 cr |||||||||||
008 200902s2020 sp l o000 | spa d
017 _aM 20644-2020
_bDL
040 _aES-MaCES
_bspa
_cES-MaCES
110 2 _92408
_aConsejo Económico y Social (España)
245 1 0 _aDictamen 02-2020 sobre el Anteproyecto de Ley de trabajo a distancia
_b: Sesión ordinaria del Pleno de 22 de julio de 2020
_cConsejo Económico y Social
250 _a1ª ed
260 _aMadrid
_bConsejo Económico y Social
_c2020
300 _a19 p.
_c21 cm
_e1 documento pdf (101,2 kb)
490 1 _aColección Dictámenes
_v2-2020
541 _cGratuito
650 4 _ateletrabajo
_929568
650 4 _acondiciones de trabajo
_928327
650 4 _acondiciones de empleo
_930040
650 4 _aderechos de los trabajadores
_929924
650 4 _arelaciones laborales
_928369
650 4 _alegislación del trabajo
_927166
650 4 _aEspaña
_926964
650 4 _arégimen jurídico
_929894
650 4 _adictamen
_930802
653 1 0 _aRelaciones laborales-Empleo
830 0 _932521
_aColección Dictámenes (Consejo Económico y Social (España))
_v2-2020
856 4 _uhttp://www.ces.es/documents/DIC/2020/02
_ytexto completo
902 _aLIB Libro
942 _2CES
_cBK
_h2.0.